Christian Denominations by Numbers - Statistics

General Stats
  • This quiz has been taken 150 times
  • The average score is 3 of 7
Answer Stats
No. Followers Denomination % Correct
1.2 billion Catholicism
89%
265 million Eastern Orthodoxy
69%
800 million Protestantism
67%
85 million Anglicanism
40%
86 million Oriental Orthodoxy
22%
600 thousand Church of the East
4%
41 million Restorationism
3%
No matching quizzes found
Score Distribution
Percent of People with Each Score
Percentile by Number Answered
Your Score History
You have not taken this quiz